000 00637nam a2200229Ia 4500
003 OSt
005 20221007073018.0
006 a|||||r|||| 00| 0
007 ta
008 221006b |||||||| |||| 00| 0 eng d
024 _a11,235
037 _cTextual
040 _aFLL
_cFLL
_beng
041 _2eng
_aeng
082 _aT4:3:Z1, L3
100 _aDupuy Rene Jean Au.
_9691750
245 0 _aComparability of degrees and diplomas in international law
260 _aLondon
_bUnesco paris London
_c1973
300 _a75p
_ccm.
942 _hT4:3:Z1, L3
_cTEXL
_2CC
999 _c1147473
_d1147473